K Answers Quiz #1 - Statistics

General Stats
  • This quiz has been taken 73,624 times
    51,812 since last reset
  • The average score is 16 of 22
Answer Stats
Clue Answer % Correct
First name of rapper West Kanye
95%
Notoriously flat U.S. state Kansas
94%
National bird of New Zealand Kiwi
90%
Japanese suicide pilot Kamikaze
88%
Organ that filters blood Kidney
87%
Country invaded by Iraq in 1990 Kuwait
86%
Peninsula of Pyongyang and Seoul Korea
84%
Former capital of Japan Kyoto
84%
Capital of Afghanistan Kabul
81%
On this scale, water freezes at 273 Kelvin
80%
Country that broke away from Serbia Kosovo
80%
Ethnic group of Turkey and Iraq Kurds
79%
Home of Russia's government Kremlin
75%
Oven which can be used to "fire" clay pots Kiln
69%
Japanese city famous for beef Kobe
66%
Japanese motorcycle brand Kawasaki
65%
Region disputed between India and Pakistan Kashmir
57%
Genghis's grandson Kublai
51%
Band that wants to rock and roll all nite (and party every day) KISS
50%
First name of UN leader Annan Kofi
49%
Israeli commune Kibbutz
40%
Capital of Uganda Kampala
39%
No matching quizzes found
Score Distribution
Percent of People with Each Score
Percentile by Number Answered
Your Score History
You have not taken this quiz since the last reset